The 7 habits of highly effective teens : (Record no. 6005)
[ view plain ]
| 000 -LEADER | |
|---|---|
| fixed length control field | 01154nam a22003257a 4500 |
| 001 - CONTROL NUMBER | |
| control field | 6005 |
| 003 - CONTROL NUMBER IDENTIFIER | |
| control field | FISKH |
| 005 - DATE AND TIME OF LATEST TRANSACTION | |
| control field | 20250225094030.0 |
| 008 - FIXED-LENGTH DATA ELEMENTS--GENERAL INFORMATION | |
| fixed length control field | 250220b cb ||||| |||| 00| 0 eng d |
| 020 ## - INTERNATIONAL STANDARD BOOK NUMBER | |
| International Standard Book Number | 9781476764665 |
| Terms of availability | $22.00 |
| 024 3# - OTHER STANDARD IDENTIFIER | |
| Standard number or code | 9780671582753 |
| Additional codes following the standard number or code | 51200 |
| 040 ## - CATALOGING SOURCE | |
| Original cataloging agency | JVK |
| Transcribing agency | JVK |
| Modifying agency | OCL |
| -- | DLC |
| Language of cataloging | eng |
| 050 ## - LIBRARY OF CONGRESS CALL NUMBER | |
| Classification number | BJ1661 .C666 |
| 082 ## - DEWEY DECIMAL CLASSIFICATION NUMBER | |
| Classification number | 158.0835 |
| 100 1# - MAIN ENTRY--PERSONAL NAME | |
| Personal name | Covey, Sean. |
| 245 14 - TITLE STATEMENT | |
| Title | The 7 habits of highly effective teens : |
| Remainder of title | A true gift for the teenage soul / |
| Statement of responsibility, etc. | Sean Covey. |
| 250 ## - EDITION STATEMENT | |
| Edition statement | This edition published in 2014 |
| 260 ## - PUBLICATION, DISTRIBUTION, ETC. | |
| Place of publication, distribution, etc. | New York : |
| Name of publisher, distributor, etc. | Simon & Schuster paperbacks, |
| Date of publication, distribution, etc. | 1998. |
| 300 ## - PHYSICAL DESCRIPTION | |
| Extent | 266 pages : |
| Other physical details | color illustrations ; |
| Dimensions | 24 cm |
| 500 ## - GENERAL NOTE | |
| General note | An abridged recording of the book read by the author. |
| 500 ## - GENERAL NOTE | |
| General note | In container (17 cm.). |
| 520 ## - SUMMARY, ETC. | |
| Summary, etc. | Applies the proven wisdom of the 7 habits to teens and the tough issues and life-changing decisions they face. |
| 650 #0 - SUBJECT ADDED ENTRY--TOPICAL TERM | |
| Topical term or geographic name entry element | Teenagers |
| General subdivision | Conduct of life. |
| 650 #0 - SUBJECT ADDED ENTRY--TOPICAL TERM | |
| Topical term or geographic name entry element | Success |
| General subdivision | Psychological aspects. |
| 650 #0 - SUBJECT ADDED ENTRY--TOPICAL TERM | |
| Topical term or geographic name entry element | Teenagers |
| General subdivision | Life skills guides. |
| 650 #0 - SUBJECT ADDED ENTRY--TOPICAL TERM | |
| Topical term or geographic name entry element | Audiobooks. |
| 906 ## - LOCAL DATA ELEMENT F, LDF (RLIN) | |
| a | 7 |
| b | cbc |
| c | copycat |
| d | 3 |
| e | ncip |
| f | 20 |
| g | y-genmusic |
| 942 ## - ADDED ENTRY ELEMENTS (KOHA) | |
| Source of classification or shelving scheme | Dewey Decimal Classification |
| Koha item type | Books |
| Suppress in OPAC | No |
| Withdrawn status | Lost status | Source of classification or shelving scheme | Damaged status | Not for loan | Collection | Home library | Current library | Shelving location | Date acquired | Total Checkouts | Full call number | Barcode | Date due | Date last seen | Date last checked out | Copy number | Price effective from | Koha item type |
|---|---|---|---|---|---|---|---|---|---|---|---|---|---|---|---|---|---|---|
| Dewey Decimal Classification | Non-Fiction | Footprints International School Library Network Toul Kork Campus | Footprints International School Library Network Toul Kork Campus | A TK Campus, 4th Floor, Room B401, Non-Fiction Bookcases(7-8) | 02/20/2025 | 4 | COV 158.0835 BJ1661 .C666 | 2025-0635 | 12/22/2025 | 12/08/2025 | 12/08/2025 | 1 | 02/20/2025 | Books | ||||
| Dewey Decimal Classification | Non-Fiction | Footprints International School Library Network Toul Kork Campus | Footprints International School Library Network Toul Kork Campus | TTP Secondary Non-Fiction Bookshelves | 02/20/2025 | 2 | COV 158.0835 BJ1661 .C666 | 2025-0636 | 05/02/2025 | 04/03/2025 | 2 | 02/20/2025 | Books |
